La redención de las provincias y la decencia nacional

שמור ב:
מידע ביבליוגרפי
פורמט: ספר
שפה:ספרדית
יצא לאור: Madrid Revista de Occidente 1931
נושאים:
תגים: הוספת תג
אין תגיות, היה/י הראשונ/ה לתייג את הרשומה!

MARC

LEADER 00000nam a2200000 a 4500
001 UCY9285
003 CL-VaPUC
008 950713e19310000SP |||||||||||||||||spa|d
082 0 4 |a 196.1  |b ORT  |2 21 
245 1 3 |a La redención de las provincias y la decencia nacional 
300 |a 216 p 
942 |c BK 
945 |d 19950713 00:00:00  |a aalvarez 
260 |a Madrid  |b Revista de Occidente  |c 1931 
650 0 |a Filosofía española   |9 254895 
583 |a last modification  |c 19950713 00:00:00  |k Rodrigo Vera 
999 |c 236409  |d 236407 
952 |0 0  |1 0  |4 0  |6 196_100000000000000_ORT_1931  |7 0  |8 A  |9 244478  |a BIBEDU  |b BIBEDU  |d 2019-11-18  |i 3104478  |o 196.1 ORT 1931  |p 3104478  |r 2019-11-18  |w 2019-11-18  |y BK  |k FIL